Stolice Województw Polski - klikanie - Statystyki

Ogólne statystyki
  • Ten quiz został rozwiązany 95 razy
  • Średni wynik to 14 z 16
Statystyki odpowiedzi
Hint Odpowiedź % Poprawnych
Pomorskie Gdańsk
97%
Łódzkie Łódź
97%
Opolskie Opole
96%
Świętokrzyskie Kielce
93%
Wielkopolskie Poznań
93%
Lubelskie Lublin
91%
Mazowieckie Warszawa
91%
Podlaskie Białystok
90%
Zachodniopomorskie Szczecin
90%
Kujawsko-Pomorskie Bydgoszcz/Toruń
88%
Śląskie Katowice
88%
Warmińsko-Mazurskie Olsztyn
87%
Lubuskie Gorzów Wielkopolski/Zielona Góra
86%
Małopolskie Kraków
86%
Dolnośląskie Wrocław
86%
Podkarpackie Rzeszów
84%
Nie znaleziono quizów pasujących do podanych kryteriów
Rozkład punktacji
Procent ludzi z każdym wynikiem
Percentyl według liczby udzielonych odpowiedzi
Twoja historia wyników
Nie rozwiązałeś tego quizu